000 00772nam a2200205 a 4500
008 120416s1981 ||||||||||||||||| || u
020 _a0669043591
050 _aHF 1429 Con
100 _aContractor, Farok J
245 1 0 _aInternational technology licensing
246 _acompensation, costs, and negotiation
260 _aToronto
_bLexington Books
_c1981
300 _axiv, 193p. : ill
350 _a0.00
500 _aBibliography.
650 0 _aMARKETING--MANAGEMENT--CASE STUDIES
650 _aTECHNOLOGY TRANSFER--COST EFFECTIVESNESS
650 _aForeign licensing agreements - Cost effectiveness
995 _D0.00
_FCBU-MAIN LIBRARY (Kitwe)
_H1
_I15.00
_M1
_UAVAILABLE
_ZMain Library Open Access Collection
999 _c47486
_d47486